000 04914cam a2200481 a 4500
001 ocn154320141
005 20250205130737.0
006 m o d
007 cr mn|||||||||
008 070711s2000 enka ob 001 0 eng c
020 _a9780080514529
_q(electronic book)
020 _a0080514529
_q(electronic book)
020 _a0750648511
_q(pbk.)
020 _a9780750648516
_q(pbk.)
020 _a1281077038
020 _a9781281077035
020 _a9786611077037
020 _a6611077030
040 _aKO
_beng
041 0 _aeng
082 0 4 _a623.81
_222
100 1 _aBertram, Volker.
245 1 0 _aPractical ship hydrodynamics /
_cVolker Bertram.
260 _aOxford ;
_aBoston :
_bButterworth-Heinemann,
_c2000.
300 _a1 online resource (x, 270 pages) :
_billustrations
338 _aonline resource
504 _aIncludes bibliographical references (pages 265-268) and index.
505 0 _aIntroduction; Overview of problems and approaches; Model test and similarity laws; Full scale tests; Numerical approaches (Computational Fluid Dynamics); Basic equations, Basic techniques; Applications. Propeller Flows: Propeller geometry and other basics, Propeller curves; Numerical methods for propeller design; Lifting line theory; Lifting surface theory; BEM for propellers; Field methods; Cavitation; Experimental approach; Propeller design procedure. Resistance and propulsion: Resistance and propulsion concepts; Interaction between ship and propeller; Decomposition of resistance; Experimental approach; Towing tanks and experimental set up; Resistance test; Method ITTC 1957; Method of Hughes-Prohaska; Propulsion test; Additional resistance under service conditions; Simple design approaches; CFD approaches for steady flow; Wave resistance computations; Viscous flow computations; Problems for fast and unconventional ships. Ship Seakeeping: Introduction to seakeeping; Experimental approaches (model and full-scale); Waves and seaway; Airy waves (harmonic waves of small amplitude); Natural seaway; Wind and seaway; Wave climate; Numerical prediction of ship seakeeping; Overview of computational methods; Strip method; Rankine panel methods; Problems for fast and unconventional ships; Further quantities in regular waves; Ship responses in stationary seaway; Simulation methods; Long-term distributions; Slamming. Manoeuvring: Simulation of manoeuvring with known coefficients; Coordinate systems and definitions; Body forces and manoeuvring motions; Linear motion equations; CFD for manoeuvring; Experimental approaches; Manoeuvring tests for full-scale ships in sea trials; Model tests; Rudders; Computation of body forces; Slender-body theory; Influence of heel; Shallow-water effect; Jet thrusters; Stop manoeuvres. Boundary element methods: Green function formulation; Integral equations; Source elements; Point source; Regular first-order panel; Jensen panel; Higher-order panel; Vortex elements; Dipole elements; Point dipole. Numerical examples for BEM: Two-dimensional body in infinite flow; Theory; Numerical implementation.
520 _aThe author has provided the reader with comprehensive coverage of ship hydrodynamics with a focus on numerical methods now in use. The book provides a global overview of experimental and numerical methods for ship resistance and propulsion, manoeuvring and seakeeping. As boundary element techniques are now in standard use, these are covered in sufficient detail for independent code development. The book is divided into seven chapters. Chapter one contains an overview of problems and approaches, including the basics of model and full scale testing. An introduction to computational fluid dynamics is given, including a discussion of applications. The next four chapters cover the subjects: propellers, resistance and propulsion, seakeeping and manoeuvring. These chapters present basic methods, such as model testing, extrapolation to full scale, and procedures for design. Substantial parts of each chapter include numerical methods and their applications. The last two chapters are devoted to boundary element methods for resistance and seakeeping. Web-supported text. Questions provided in chapters with answers on the web Covers well-established methods as well as the newest numerical procedures in the area of ship hydrodynamics.
650 0 _aShips
_xHydrodynamics.
650 6 _aNavires
_xHydrodynamique.
_0(CaQQLa)201-0045585
650 7 _aTRANSPORTATION
_xShips & Shipbuilding
_xPictorial.
_2bisacsh
650 7 _aTECHNOLOGY & ENGINEERING
_xMarine & Naval.
_2bisacsh
650 7 _aShips
_xHydrodynamics.
_2fast
_0(OCoLC)fst01116512
650 1 7 _aHydrodynamica.
_2gtt
650 1 7 _aScheepsschroeven.
_2gtt
650 1 7 _aVoortstuwing.
_2gtt
856 _uhttps://www.sciencedirect.com/science/book/9780750648516
904 _aRUDRA_R
905 _aR_RANJAN
942 _2ddc
_cEB
999 _c3327
_d3327